SPOĽAHLIVOSŤ OCEĽOVÝCH KONŠTRUKCIÍ A METÓDA MEDZNÝCH STAVOV

Bibliographic Details
Main Author: Hudák, Ján (Author)
Format: Article
Language:Slovak

MARC

LEADER 00000nab a2200000 a 4500
001 vtls011109088
003 SK-MaSNL
005 20260303150408.0
008 230222|1999 xo |||||||||||||||||slo|
015 |a SNBRB 
035 |a (uuid)aa64d1c2-4a41-4517-a992-dbaa24d2324c 
035 |a (urnnbn)urn:nbn:sk:snk:ar-a08czr 
035 |a urn:nbn:sk:snk-ab9fum 
040 |a SNKBUCL  |b slo  |c SNKBUCL  |e AACR2 
041 0 |a slo 
044 |a xo  |c SK 
100 1 |a Hudák, Ján  |4 aut  |9 481398 
245 1 0 |a SPOĽAHLIVOSŤ OCEĽOVÝCH KONŠTRUKCIÍ A METÓDA MEDZNÝCH STAVOV  |c Ján Hudák 
773 0 |t Znalectvo v odboroch Stavebníctvo a Podnikové hospodárstvo  |g Roč. 4, č. 1-2 (1999), s. 19-27 
954 |a odborná, vedecká literatúra pôvodná (slovenská)  |2 lita 
958 |a OND 
958 |a EUIPO 
958 |a article13 
999 |c 2010328  |d 2012258